000
00301nam a22001337a 4500
082
_a
823
_b
CHI/H
100
_a
GARG, CHITRA
100
_a
ANIL K
245
_a
101 MORAL STORIES OF GRANDPA
260
_a
DELHI
_b
MANOJ PUBLICATIONS
_c
2003
300
_a
176
650
_a
ENGLISH STORY
_z
INDIA
942
_c
BK
999
_c
7405
_d
7405